00531nam a22001097a 4500040000800000082002700008100001500035245023200050260002600282300002600308856008700334 cRUA aFIS ORN 2011 B183 Or.1 aORNG, LOK. aMonitoring and evaluation of seagrass conservation in kompot province, ការតាមដាន​និងវាយតម្លៃការអភិរក្សស្មៅសមុទ្រនៅខេត្តកំពត aPhnom PenhbRUAc2011 axi; 48p.bill.c29cm. uhttps://drive.google.com/file/d/1kmEzdY_qIrF-kmyzUH-lSN5KV_sz52hE/view?usp=sharing